000 00707nam a22002057a 4500
005 20250411171405.0
008 250411b |||||||| |||| 00| 0 eng d
020 _a9780321106308
050 _aE178 .C86 CRE
_b.C86 CRE
100 _aJones Jacqueline
245 _aCreated Equal:
_bA social and political history of the United States
_cJacqueline Jones, Peter H. Wood, Elaine Tyler May, Thomas Bortelmann & Vicki L. Ruiz
260 _aNew York
_bPearson Education Inc
_c2003
300 _axlvi. (various pagings).
_bill. (some col.)
_c29 cm
650 _2History
700 _aWood Peter H.
700 _aMay Elaine Tyler
700 _aBorstelmann Thomas
700 _aRuiz Vicki L.
942 _2lcc
_cBK
_n0
999 _c5431
_d5431